[Event "Agartala Dutta Memorial 3rd"]
[Site "Agartala"]
[Date "2023.11.04"]
[Round "6"]
[White "Souradip, Deb"]
[Black "Piyal, Roy Chowdhury"]
[Result "1-0"]
[WhiteElo "1845"]
[BlackElo "1499"]
[PlyCount "69"]
[EventDate "2023.11.01"]
[EventType "swiss"]
[EventRounds "10"]
[EventCountry "IND"]
[SourceTitle "CB46_2023"]
[SourceDate "2023.11.15"]
[SourceVersion "1"]
[SourceVersionDate "2023.11.15"]
[SourceQuality "1"]

1. e4 c6 2. d4 d5 3. f3 e6 4. Nc3 Bb4 5. Bd2 Bxc3 6. Bxc3 dxe4 7. Qe2 exf3 8. Nxf3 Nf6 9. 0-0-0 Nd5 10. Bd2 b5 11. Ne5 h5 12. Qf3 Qf6 13. Qg3 h4 14. Qg4 g6 15. Bd3 Qg7 16. Rhf1 f5 17. Qxg6+ Qxg6 18. Nxg6 Rh7 19. Rde1 Kf7 20. Ne5+ Kg8 21. g4 hxg3 22. hxg3 Rg7 23. g4 Ne7 24. Bh6 Rh7 25. Rh1 Nd7 26. Reg1 Nxe5 27. gxf5+ Kf7 28. fxe6+ Kxe6 29. Bxh7 Nf7 30. Re1+ Kd7 31. Bf8 Nd5 32. Bg8 Ng5 33. Bc5 Ba6 34. Bxd5 cxd5 35. Re7+ 1-0

[Event "Mumbai Mayors Cup 11th"]
[Site "Mumbai"]
[Date "2018.06.04"]
[Round "3"]
[White "Tran, Tuan Minh"]
[Black "Souradip, Deb"]
[Result "1-0"]
[WhiteElo "2514"]
[BlackElo "1884"]
[PlyCount "81"]
[EventDate "2018.06.03"]
[EventType "swiss"]
[EventRounds "10"]
[EventCountry "IND"]
[SourceTitle "CBM 184 Extra"]
[Source "ChessBase"]
[SourceDate "2018.06.28"]
[SourceVersion "1"]
[SourceVersionDate "2018.06.28"]
[SourceQuality "1"]

1. d4 Nf6 2. c4 e6 3. Nc3 Bb4 4. e3 0-0 5. Bd3 b6 6. Nge2 d5 7. cxd5 exd5 8. 0-0 Ba6 9. Bxa6 Nxa6 10. Qa4 Bxc3 11. bxc3 Qc8 12. c4 dxc4 13. Qxc4 c5 14. d5 b5 15. Qxb5 Nxd5 16. e4 Rb8 17. Qc4 Nb6 18. Qc3 Qe6 19. Ng3 f6 20. Bf4 Rbd8 21. Rad1 Rxd1 22. Rxd1 Qg4 23. Qc1 Rc8 24. Nf5 Ra8 25. f3 Qh5 26. a4 Qf7 27. a5 Nd7 28. Rxd7 Qxd7 29. Qc4+ Kh8 30. Qxa6 Rc8 31. h4 c4 32. Bh6 Rg8 33. Bxg7+ Rxg7 34. Qxf6 Qf7 35. Qd4 h5 36. Nxg7 Qxg7 37. Qxg7+ Kxg7 38. Kf2 c3 39. Ke3 c2 40. Kd2 Kf6 41. f4 1-0

[Event "IND-ch U17 25th"]
[Site "Bihar"]
[Date "2014.12.08"]
[Round "9"]
[White "Souradip, Deb"]
[Black "Satvik, Muralidhar"]
[Result "0-1"]
[WhiteElo "1690"]
[BlackElo "1934"]
[PlyCount "152"]
[EventDate "2014.12.02"]
[EventType "swiss"]
[EventRounds "11"]
[EventCountry "IND"]
[SourceTitle "EXT 2016"]
[Source "ChessBase"]
[SourceDate "2015.10.08"]
[SourceVersion "1"]
[SourceVersionDate "2015.10.08"]
[SourceQuality "1"]

1. d4 Nf6 2. c4 g6 3. Nc3 Bg7 4. e4 d6 5. f3 0-0 6. Be3 e5 7. Nge2 c6 8. Qd2 Nbd7 9. d5 c5 10. g4 a6 11. a4 Qa5 12. Ng3 Rd8 13. Nb1 Qc7 14. Nc3 Nf8 15. Be2 Bd7 16. h4 Rdb8 17. Kf2 Ne8 18. Rhb1 Bc8 19. Kg2 b6 20. Rc1 Rb7 21. Rab1 Qd8 22. Bd3 Nc7 23. b4 cxb4 24. Rxb4 Nd7 25. Ra1 Ne8 26. Rbb1 Rab8 27. Ra2 Nc5 28. Bc2 Bd7 29. h5 b5 30. cxb5 axb5 31. Nxb5 Bxb5 32. axb5 Rxb5 33. Rxb5 Rxb5 34. hxg6 fxg6 35. Ba4 Nxa4 36. Rxa4 Qb8 37. Ra2 Rb3 38. Rc2 Nf6 39. Qc1 Qb5 40. Rc3 Ne8 41. Rxb3 Qxb3 42. Bd2 Kf8 43. Qc3 Qxc3 44. Bxc3 Bh6 45. Nf1 Ke7 46. Bd2 Bxd2 47. Nxd2 Kf6 48. Nb1 Kg5 49. Nc3 h5 50. gxh5 gxh5 51. Ne2 h4 52. Ng1 Nf6 53. Nh3+ Kh5 54. Ng1 Nh7 55. Nh3 Ng5 56. Ng1 Nf7 57. Nh3 Nh8 58. Kf2 Nf7 59. Kg2 Kg6 60. Ng1 Ng5 61. Kh2 Kh6 62. Kg2 Kh5 63. Kh2 Nf7 64. Kg2 Nh8 65. Nh3 Nf7 66. Ng1 Nh6 67. Nh3 Ng8 68. Ng1 Nf6 69. Nh3 Kg6 70. Ng1 Nh5 71. Nh3 Kf6 72. Ng1 Nf4+ 73. Kh2 Kg5 74. Kh1 h3 75. Kh2 Kh4 76. Kh1 Kg3 0-1